000 004350000a22001690004500
003 LK-CoMWRAF
008 230817t ||||| |||| 00| 0 eng d
040 _aLK-CoMWRAF
_dLK-CoMWRAF
_eLK-CoMWRAF
041 _aeng
082 _a300
_bAAT
100 _aAatham,Zulfika
245 _aKaddavilum mudichukal
_bPenkal thodarpana poimaikalum unmaokalum
260 _aColumbu
_bMWRAF
_c1995
300 _ap.73
650 _aWomen
942 _cBK
999 _c2650
_d2650